| 000 | 00666cab a2200229 4500 | ||
|---|---|---|---|
| 001 | WB2302-20 | ||
| 008 | 090401t1987 xxu||||| |||| 00| 0 eng d | ||
| 035 | _a(Sirsi) u73397 | ||
| 041 | _aeng | ||
| 245 | _aPrivate enterprise for council estates | ||
| 260 | _c1987 | ||
| 350 | _a0 | ||
| 490 |
_aTimes _v8/1/87 p12 |
||
| 520 | _aOutlines the plans of the Minister for Housing, Mr John Patten, to put council estates into private enterprise schemes. | ||
| 650 | _aGOVERNMENT POLICY | ||
| 650 | _aHOUSING ASSOCIATIONS | ||
| 650 | _aRIGHT TO BUY | ||
| 650 | _aTENANT CO-OPERATIVES | ||
| 690 |
_aBlock management _96220 |
||
| 942 | _n0 | ||
| 948 | _c04/03/1997 | ||
| 999 |
_c46408 _d46408 |
||